[Event "CZE-chT B2 corr"]
[Site "Czechia"]
[Date "2003.??.??"]
[Round "?"]
[White "Gresek, Jaromir"]
[Black "Trexler, Evzen"]
[Result "1/2-1/2"]
[WhiteElo "2015"]
[BlackElo "2365"]
[PlyCount "102"]
[EventDate "2002.??.??"]
[EventType "team (corr)"]
[EventRounds "14"]
[EventCountry "CZE"]
[SourceTitle "Corr 2004"]
[Source "ChessBase"]
[SourceDate "2003.04.28"]
[SourceVersion "3"]
[SourceVersionDate "2003.04.28"]
[SourceQuality "1"]

1. Nf3 d5 2. d4 e6 3. c4 c6 4. Qc2 dxc4 5. Qxc4 Nf6 6. Nc3 b5 7. Qd3 a6 8. e4 c5 9. dxc5 Qxd3 10. Bxd3 Bxc5 11. e5 Nfd7 12. Be4 Ra7 13. Bf4 0-0 14. Rc1 Bb7 15. Bxb7 Rxb7 16. Ne4 Rc7 17. Ke2 Rfc8 18. Bd2 Be7 19. Rxc7 Rxc7 20. Bc3 Nc6 21. Rd1 Kf8 22. h4 Nb6 23. h5 h6 24. Bd2 Nc4 25. b3 Nxd2 26. Rxd2 Nb4 27. Kd1 Ke8 28. g4 Nd5 29. Rc2 Rxc2 30. Kxc2 Nb4+ 31. Kb2 g6 32. a3 Nd5 33. hxg6 fxg6 34. g5 h5 35. b4 Nf4 36. Kc2 Nd5 37. Kd3 Nb6 38. Nh4 Kf7 39. f4 Nc4 40. Kd4 Nxa3 41. Nd6+ Kg7 42. Ne8+ Kg8 43. Nc7 Kf7 44. Nxa6 Nc4 45. Nc5 Nb6 46. Nb7 Kg7 47. Nd6 Nd5 48. Ne8+ Kf7 49. Nd6+ Kg7 50. Ne8+ Kf7 51. Nd6+ Kg7 1/2-1/2

[Event "CZE-chT B2 corr"]
[Site "Czechia"]
[Date "2003.??.??"]
[Round "?"]
[White "Jirkovsky, Tomas"]
[Black "Trexler, Evzen"]
[Result "1/2-1/2"]
[WhiteElo "2180"]
[BlackElo "2365"]
[PlyCount "87"]
[EventDate "2002.??.??"]
[EventType "team (corr)"]
[EventRounds "14"]
[EventCountry "CZE"]
[SourceTitle "Corr 2004"]
[Source "ChessBase"]
[SourceDate "2003.04.28"]
[SourceVersion "3"]
[SourceVersionDate "2003.04.28"]
[SourceQuality "1"]

1. e4 e5 2. Nf3 Nf6 3. Nc3 Nc6 4. Bb5 Bb4 5. 0-0 0-0 6. d3 Bxc3 7. bxc3 d6 8. Bg5 h6 9. Bh4 Qe7 10. Re1 Nb8 11. d4 c6 12. Bd3 Re8 13. Nd2 Nbd7 14. Nc4 Nf8 15. f4 Ng6 16. fxe5 dxe5 17. Bg3 Bg4 18. Qb1 exd4 19. cxd4 Nh5 20. Bd6 Qd7 21. c3 b5 22. Ne3 Qxd6 23. Nxg4 Nhf4 24. Bf1 Rad8 25. g3 Ne6 26. Ne3 b4 27. Nf5 Qb8 28. Qb2 a5 29. a3 bxc3 30. Qxc3 Ne7 31. Bg2 Qb6 32. Rab1 Qa7 33. Rbd1 Nc7 34. Qc5 Qxc5 35. dxc5 Rxd1 36. Rxd1 Ne6 37. Nxe7+ Rxe7 38. Rd6 Rc7 39. e5 Kf8 40. Bxc6 Ke7 41. Kf2 Nxc5 42. Ke3 Nb7 43. Bxb7 Rxb7 44. Ke4 1/2-1/2

[Event "CZE-chT B2 corr"]
[Site "Czechia"]
[Date "2002.??.??"]
[Round "?"]
[White "Janous, Petr"]
[Black "Trexler, Evzen"]
[Result "1/2-1/2"]
[WhiteElo "2295"]
[BlackElo "2365"]
[PlyCount "43"]
[EventDate "2002.??.??"]
[EventType "team (corr)"]
[EventRounds "14"]
[EventCountry "CZE"]
[SourceTitle "Corr 2004"]
[Source "ChessBase"]
[SourceDate "2003.04.28"]
[SourceVersion "3"]
[SourceVersionDate "2003.04.28"]
[SourceQuality "1"]

1. e4 e5 2. Nf3 Nf6 3. Nxe5 d6 4. Nf3 Nxe4 5. d4 d5 6. Bd3 Be7 7. 0-0 Nc6 8. Re1 Bg4 9. Bxe4 dxe4 10. Rxe4 Bxf3 11. Qxf3 Nxd4 12. Qd3 Ne6 13. Qe2 0-0 14. Bd2 Bf6 15. Nc3 c6 16. Re1 Qc7 17. Nd1 Rad8 18. Bc3 Bxc3 19. Nxc3 Rd4 20. a3 Rxe4 21. Nxe4 Qe5 22. Nc3 1/2-1/2

[Event "CZE-chT B2 corr"]
[Site "Czechia"]
[Date "2002.??.??"]
[Round "?"]
[White "Pokrupa, Marek"]
[Black "Trexler, Evzen"]
[Result "1/2-1/2"]
[WhiteElo "2200"]
[BlackElo "2365"]
[PlyCount "45"]
[EventDate "2002.??.??"]
[EventType "team (corr)"]
[EventRounds "14"]
[EventCountry "CZE"]
[SourceTitle "Corr 2004"]
[Source "ChessBase"]
[SourceDate "2003.04.28"]
[SourceVersion "3"]
[SourceVersionDate "2003.04.28"]
[SourceQuality "1"]

1. e4 e5 2. Nf3 Nf6 3. Nxe5 d6 4. Nf3 Nxe4 5. d4 d5 6. Bd3 Be7 7. 0-0 Nc6 8. c4 Nb4 9. Be2 0-0 10. Nc3 b6 11. a3 Nxc3 12. bxc3 Nc6 13. cxd5 Qxd5 14. Re1 Bb7 15. Bd3 Rae8 16. c4 Qd8 17. d5 Nb8 18. Ne5 f5 19. Qh5 Bc8 20. Bb2 Bc5 21. Nf3 Re7 22. Ng5 h6 23. Nf3 1/2-1/2

[Event "CZE-chT B2 corr"]
[Site "Czechia"]
[Date "2002.??.??"]
[Round "?"]
[White "Trexler, Evzen"]
[Black "Jirk, Ales"]
[Result "1-0"]
[WhiteElo "2365"]
[BlackElo "2210"]
[PlyCount "59"]
[EventDate "2002.??.??"]
[EventType "team (corr)"]
[EventRounds "14"]
[EventCountry "CZE"]
[SourceTitle "Corr 2004"]
[Source "ChessBase"]
[SourceDate "2003.04.28"]
[SourceVersion "3"]
[SourceVersionDate "2003.04.28"]
[SourceQuality "1"]

1. e4 e6 2. d4 d5 3. Nd2 Nf6 4. e5 Nfd7 5. f4 c5 6. c3 Nc6 7. Ngf3 Qb6 8. Nb3 a5 9. a4 Be7 10. Be2 0-0 11. h4 f6 12. h5 cxd4 13. cxd4 fxe5 14. fxe5 Bb4+ 15. Kf1 Ndb8 16. Bd3 Bd7 17. Bb1 Be7 18. Kg1 Nb4 19. Rh3 N8c6 20. Rg3 Rf7 21. Bg5 Raf8 22. Kh2 Be8 23. Qd2 Kh8 24. Qe3 Qd8 25. Nc5 Qc8 26. Bxe7 Rxe7 27. Ng5 h6 28. Nh7 Rf1 29. Nf6 Bf7 30. Bg6 1-0

[Event "CZE-ch15 corr0102"]
[Site "Czechia"]
[Date "2001.??.??"]
[Round "?"]
[White "Hlavac, Rudolf"]
[Black "Trexler, Evzen"]
[Result "1/2-1/2"]
[WhiteElo "2350"]
[BlackElo "2350"]
[PlyCount "32"]
[EventDate "2001.??.??"]
[EventType "tourn (corr)"]
[EventRounds "22"]
[EventCountry "CZE"]
[SourceTitle "Corr 2004"]
[Source "ChessBase"]
[SourceDate "2003.04.28"]
[SourceVersion "3"]
[SourceVersionDate "2003.04.28"]
[SourceQuality "1"]

1. e4 c5 2. Nf3 d6 3. d4 cxd4 4. Qxd4 Nc6 5. Bb5 Bd7 6. Bxc6 Bxc6 7. c4 Nf6 8. Nc3 g6 9. 0-0 Bg7 10. Qd3 0-0 11. Nd4 Nd7 12. b3 Nc5 13. Qe3 Qb6 14. Bb2 Ne6 15. Nxc6 bxc6 16. Qd2 Nc5 1/2-1/2

[Event "CZE-ch15 corr0102"]
[Site "Czechia"]
[Date "2001.??.??"]
[Round "?"]
[White "Hybl, Vladislav"]
[Black "Trexler, Evzen"]
[Result "1/2-1/2"]
[WhiteElo "2240"]
[BlackElo "2350"]
[PlyCount "36"]
[EventDate "2001.??.??"]
[EventType "tourn (corr)"]
[EventRounds "22"]
[EventCountry "CZE"]
[SourceTitle "Corr 2004"]
[Source "ChessBase"]
[SourceDate "2003.04.28"]
[SourceVersion "3"]
[SourceVersionDate "2003.04.28"]
[SourceQuality "1"]

1. e4 c5 2. Nf3 d6 3. c4 Bg4 4. Be2 Nc6 5. 0-0 g6 6. Nc3 Bg7 7. h3 Bxf3 8. Bxf3 Nf6 9. d3 0-0 10. Be3 Nd7 11. Qd2 e6 12. g3 Nd4 13. Bg2 Nb8 14. Bxd4 Bxd4 15. e5 Nc6 16. exd6 Qxd6 17. Nb5 Qd7 18. Bxc6 bxc6 1/2-1/2

[Event "CZE-ch15 corr0102"]
[Site "Czechia"]
[Date "2001.??.??"]
[Round "?"]
[White "Rybak, Milan"]
[Black "Trexler, Evzen"]
[Result "1/2-1/2"]
[WhiteElo "2410"]
[BlackElo "2350"]
[PlyCount "25"]
[EventDate "2001.??.??"]
[EventType "tourn (corr)"]
[EventRounds "22"]
[EventCountry "CZE"]
[SourceTitle "Corr 2004"]
[Source "ChessBase"]
[SourceDate "2003.04.28"]
[SourceVersion "3"]
[SourceVersionDate "2003.04.28"]
[SourceQuality "1"]

1. e4 e5 2. Nf3 Nf6 3. Bc4 Nxe4 4. Nc3 Nxc3 5. dxc3 c6 6. Nxe5 d5 7. 0-0 Bd6 8. Re1 0-0 9. Bd3 Nd7 10. Nxd7 Bxd7 11. Qh5 g6 12. Qh6 Re8 13. Bg5 1/2-1/2

[Event "CZE-ch15 corr0102"]
[Site "Czechia"]
[Date "2001.??.??"]
[Round "?"]
[White "Straka, Zdenek"]
[Black "Trexler, Evzen"]
[Result "1/2-1/2"]
[WhiteElo "2355"]
[BlackElo "2350"]
[PlyCount "39"]
[EventDate "2001.??.??"]
[EventType "tourn (corr)"]
[EventRounds "22"]
[EventCountry "CZE"]
[SourceTitle "Corr 2004"]
[Source "ChessBase"]
[SourceDate "2003.04.28"]
[SourceVersion "3"]
[SourceVersionDate "2003.04.28"]
[SourceQuality "1"]

1. d4 Nf6 2. c4 e6 3. Nc3 d5 4. Bg5 c6 5. e3 Nbd7 6. Nf3 Qa5 7. Nd2 Bb4 8. Qc2 0-0 9. Be2 dxc4 10. Bxf6 Nxf6 11. Nxc4 Qc7 12. a3 Be7 13. b4 b6 14. 0-0 Ba6 15. Rfe1 c5 16. dxc5 bxc5 17. b5 Bb7 18. Red1 Rfd8 19. Rac1 Rxd1+ 20. Rxd1 1/2-1/2

[Event "CZE-ch15 corr0102"]
[Site "Czechia"]
[Date "2001.??.??"]
[Round "?"]
[White "Trexler, Evzen"]
[Black "Ridky, Vladimir"]
[Result "1/2-1/2"]
[WhiteElo "2350"]
[BlackElo "2275"]
[PlyCount "102"]
[EventDate "2001.??.??"]
[EventType "tourn (corr)"]
[EventRounds "22"]
[EventCountry "CZE"]
[SourceTitle "Corr 2004"]
[Source "ChessBase"]
[SourceDate "2003.04.28"]
[SourceVersion "3"]
[SourceVersionDate "2003.04.28"]
[SourceQuality "1"]

1. e4 c5 2. Nf3 Nc6 3. d4 cxd4 4. Nxd4 Nf6 5. Nc3 e5 6. Ndb5 d6 7. Bg5 a6 8. Bxf6 gxf6 9. Na3 b5 10. Nd5 Bg7 11. Bd3 Ne7 12. Nxe7 Qxe7 13. c3 f5 14. Nc2 0-0 15. Ne3 f4 16. Nd5 Qb7 17. Qf3 Be6 18. g4 b4 19. c4 Rac8 20. g5 Bxd5 21. cxd5 Rc7 22. 0-0 f6 23. gxf6 Bxf6 24. Kh1 Kh8 25. Rg1 a5 26. Rg4 Rg7 27. Rxg7 Qxg7 28. Bf1 Qa7 29. Bh3 Bh4 30. Rf1 Rg8 31. Be6 Rg6 32. Bf5 Rg8 33. Qh3 Bd8 34. Rc1 Bb6 35. Be6 Rb8 36. Qh6 Qe7 37. Rf1 Bd4 38. b3 Rf8 39. h3 Qf6 40. Qh5 Bc5 41. Kh2 Bb6 42. Qg4 Qg7 43. Qf3 Qa7 44. h4 Bd4 45. h5 Bb6 46. h6 Rf6 47. Qh5 Qe7 48. Rg1 Rg6 49. Rc1 Qf6 50. Rc8+ Bd8 51. Bf5 Rg5 1/2-1/2

[Event "CZE-ch15 corr0102"]
[Site "Czechia"]
[Date "2001.??.??"]
[Round "?"]
[White "Trexler, Evzen"]
[Black "Votypka, Miroslav"]
[Result "1/2-1/2"]
[WhiteElo "2350"]
[BlackElo "2355"]
[PlyCount "100"]
[EventDate "2001.??.??"]
[EventType "tourn (corr)"]
[EventRounds "22"]
[EventCountry "CZE"]
[SourceTitle "Corr 2004"]
[Source "ChessBase"]
[SourceDate "2003.04.28"]
[SourceVersion "3"]
[SourceVersionDate "2003.04.28"]
[SourceQuality "1"]

1. e4 e5 2. Nf3 Nc6 3. Bb5 a6 4. Ba4 Nf6 5. 0-0 Be7 6. Re1 b5 7. Bb3 d6 8. c3 0-0 9. h3 Na5 10. Bc2 c5 11. d4 cxd4 12. cxd4 exd4 13. Nxd4 Re8 14. Nc3 Bb7 15. b3 Rc8 16. Bb2 Bf8 17. Qd2 g6 18. Rad1 Bg7 19. Bb1 b4 20. Nd5 Nxd5 21. exd5 Rxe1+ 22. Rxe1 Rc5 23. Qxb4 Bxd5 24. Qd2 Bb7 25. Bd3 Rg5 26. Be4 Bxe4 27. Rxe4 Re5 28. Re1 Rxe1+ 29. Qxe1 d5 30. Qc3 h6 31. Qc5 Nb7 32. Qc6 Qe7 33. Bc3 Qc5 34. Qxc5 Nxc5 35. Kf1 Ne6 36. Nxe6 fxe6 37. Bxg7 Kxg7 38. Ke2 g5 39. g3 e5 40. b4 Kf6 41. Ke3 h5 42. f3 Kf5 43. a3 Ke6 44. h4 gxh4 45. gxh4 Kf5 46. a4 Ke6 47. f4 exf4+ 48. Kxf4 Kd6 49. Kf5 Kd7 50. Kg5 Ke6 1/2-1/2

[Event "CZE-ch15 corr0102"]
[Site "Czechia"]
[Date "2001.??.??"]
[Round "?"]
[White "Vrkoc, David"]
[Black "Trexler, Evzen"]
[Result "0-1"]
[WhiteElo "2355"]
[BlackElo "2350"]
[PlyCount "99"]
[EventDate "2001.??.??"]
[EventType "tourn (corr)"]
[EventRounds "22"]
[EventCountry "CZE"]
[SourceTitle "Corr 2004"]
[Source "ChessBase"]
[SourceDate "2003.04.28"]
[SourceVersion "3"]
[SourceVersionDate "2003.04.28"]
[SourceQuality "1"]

1. c4 Nf6 2. g3 c6 3. Nf3 d5 4. b3 g6 5. Bg2 Bg7 6. Bb2 0-0 7. 0-0 Bg4 8. d3 Nbd7 9. Nbd2 Re8 10. h3 Bxf3 11. Nxf3 e5 12. cxd5 Nxd5 13. Qc2 Qe7 14. a3 e4 15. dxe4 Qxe4 16. Qxe4 Rxe4 17. Bxg7 Kxg7 18. e3 Ree8 19. Rac1 Rad8 20. Rfd1 N7f6 21. Nd2 Nb6 22. Kf1 Rd6 23. Ke2 Red8 24. e4 Nfd7 25. f4 f6 26. Nf1 Nf8 27. Rxd6 Rxd6 28. Nd2 Ne6 29. h4 Rd8 30. Ke3 Kf7 31. Bh3 Ke7 32. a4 a5 33. Bxe6 Kxe6 34. g4 f5 35. gxf5+ gxf5 36. Rc5 fxe4 37. Re5+ Kf7 38. Nxe4 Nd5+ 39. Kf3 b6 40. Ng5+ Kg8 41. f5 Rf8 42. Ne6 Rf6 43. Nd8 Kg7 44. Nxc6 Rxc6 45. Rxd5 Rc3+ 46. Kf4 Rxb3 47. Rd7+ Kf6 48. Rd6+ Kg7 49. h5 Rb1 50. f6+ 0-1

[Event "CZE-chT B2 corr"]
[Site "Czech Republic"]
[Date "2000.??.??"]
[Round "?"]
[White "Vavrla, Zdenek"]
[Black "Trexler, Evzen"]
[Result "0-1"]
[WhiteElo "2405"]
[BlackElo "2350"]
[PlyCount "100"]
[EventDate "2000.??.??"]
[EventType "team (corr)"]
[EventRounds "14"]
[EventCountry "CZE"]
[SourceTitle "Corr 2002"]
[Source "ChessBase"]
[SourceDate "2002.05.23"]
[SourceVersion "1"]
[SourceVersionDate "2002.05.23"]
[SourceQuality "1"]

1. e4 c5 2. Nf3 d6 3. d4 cxd4 4. Nxd4 Nf6 5. Nc3 a6 6. Be2 e6 7. 0-0 Be7 8. f4 Qc7 9. a4 Nbd7 10. Be3 b6 11. Bf3 Bb7 12. Qe1 0-0 13. Rd1 Rfe8 14. Kh1 Nc5 15. e5 Bxf3 16. Nxf3 Ng4 17. Bd4 Nh6 18. exd6 Bxd6 19. Be5 Rad8 20. Qe2 Nf5 21. b4 Bxe5 22. fxe5 Nd7 23. Rd3 Nf8 24. Rfd1 Rxd3 25. Rxd3 Ng6 26. g3 Rc8 27. Qe4 h5 28. Kg2 Nh6 29. h3 Nf5 30. Kf2 Qe7 31. Kg2 a5 32. bxa5 bxa5 33. h4 Qb4 34. Qe1 Nge7 35. Qd2 Nc6 36. Kh2 Nh6 37. Kg2 Ng4 38. Qe2 Qb8 39. Ne4 Nb4 40. Rd2 Nxc2 41. Kh3 Nce3 42. Neg5 Qb1 43. Qb5 Qh1+ 44. Nh2 g6 45. Ra2 Qg1 46. Qb7 Rf8 47. Qf3 Nxe5 48. Qf2 Qxf2 49. Rxf2 Rb8 50. Re2 Rb3 0-1